| 000 | 00664nam a2200193Ia 4500 | ||
|---|---|---|---|
| 003 | OSt | ||
| 005 | 20210812153816.0 | ||
| 008 | 210310s1993 ck gr 000 0 spa d | ||
| 040 |
_aCO-JMCR _cCO-JMCR |
||
| 041 | 0 | _aspa | |
| 082 | 0 | 4 |
_a332.6322 / _bC331n _223 |
| 100 | 1 |
_aCarvajal, Luis, _916188 _einvestigador |
|
| 245 | 1 | 4 |
_aLos nuevos servicios y productos del mercado bursátil / _cLuis Carvajal |
| 260 |
_aBogotá : _bBolsa de Bogotá, _c1993 |
||
| 300 |
_a72 páginas ; _c27 cm. |
||
| 505 | 0 | _aBreve historia de Mercado Bursátil en Colombia -- Los nuevos servicios -- Los nuevos productos | |
| 650 | 1 | 4 |
_aBolsa de valores _916945 _zColombia |
| 942 |
_2ddc _cBK |
||
| 999 |
_c8324 _d8324 |
||